Chlieb každodenný partizánsky repertoárový zborník k 30. výr. SNP

Podrobná bibliografia
Médium: Kniha
Jazyk:slovenčina
Fyzický popis:78, [2] s. 4°
Vydavateľské údaje: Senica Okresné osvetové stredisko Okresná knižnica 1974
Predmet:

MARC

LEADER 00000cam a2200000 a 4500
001 vtls008329969
003 SK-MaSNL
005 20260302021800.0
008 190102s1974 xo g n 000 0 slo
015 |a SKSNBA1975/04-01139 
035 |a SK01SNK19750022186 
035 |a SKM000024649 
040 |a SNK  |b slo  |c SNK  |e AACR2 
041 0 |a slo 
044 |a xo  |c SK 
080 |a 943.76:323.269.6(082)  |2 1981 
245 0 0 |a Chlieb každodenný partizánsky  |b repertoárový zborník k 30. výr. SNP  |c zost.: Prac. OOS a OK 
260 |a Senica  |b Okresné osvetové stredisko  |b Okresná knižnica  |c 1974 
300 |a 78, [2] s.  |c 4° 
366 |e 400 výt. 
504 |a Bibliogr. odkazy 
650 0 7 |a Slovenské národné povstanie (1944)  |2 SNKPH  |9 177948 
655 7 |a zborníky  |2 SNKPH  |9 70165 
958 |a OND 
958 |a RM 
958 |a RK 
958 |a NB 
999 |c 1030271  |d 1032201 
952 |a SNK  |b SNK  |y PREZ  |7 0  |p 17A0923834  |o snkSB 22121  |i snkKSP 3520/75  |0 0  |1 0  |4 0  |d 2014-06-06  |f 1  |l 0  |r 2025-03-26 00:00:00  |w 2026-02-24 
952 |a SNK  |b SNK  |y VYP  |7 0  |o snkSB 22121 D1  |i snkKSP 3521/75  |0 0  |1 0  |4 0  |d 2014-06-06  |l 0  |r 2026-02-24 13:52:02  |w 2026-02-24